| 000 | 00478nam a22001817a 4500 | ||
|---|---|---|---|
| 082 | _aP-818 | ||
| 100 |
_aHaider Ali, Capt _951756 |
||
| 245 |
_aIndigenous method of seepage control _bSyn - 19 |
||
| 260 |
_aRisalpur, _bMCE, _c2019. |
||
| 300 | _a47p. | ||
| 526 |
_a0 _b0 _c0 _dP_818 |
||
| 526 |
_a0 _b0 _c0 _dP_818 |
||
| 700 |
_aDr Naeem Shahzad _934734 |
||
| 700 |
_aFawad Khan, _951757 |
||
| 700 |
_aKhurram ilyas, _951758 |
||
| 710 |
_aNasir Javed, _951759 |
||
| 942 |
_2ddc _cBK |
||
| 999 |
_c554314 _d554314 |
||